000 00345nam a22001457a 4500
020 _a978-93-5316-018-0
041 _aENG
100 _aSharma Arun
245 _aHow to Prepare for Quantitative Aptitude For CAT
250 _a8th
260 _aNew Delhi
_bMc Graw Hill
_c2018
300 _avi.113
650 _aCAT
856 _uCompetitive Exam
999 _c140
_d140